000 00914nam0a22002771 4500
001 RU\NLR\INFOCOMM_253\5000048086
005 20260406083827.0
035 _a(NLR Aleph) 009350852
090 _a9556911
_c9556911
100 _a20101116d1976 |||y0rusy50 ca
101 0 _aspa
102 _aRU
105 _ay ||||000|y
200 1 _aLa sublevación
_eNovela
_fDmitri Fúrmanov
_g[Trad. del ruso por A. Herráiz]
210 _aM.
_cProgreso
_d[1976]
215 _a384 с.
_d17 см
225 1 _aAntología de la literatura rusa y soviética
300 _aНа обороте тит. л.: Д. Фурманов. Мятеж
686 _aШ6(2-Р)77(исп.)
_2rubbk
700 1 _4070
_7ba
_8rus
_aFurmanov
_bD. A.
_f1891-1926
_gDmitrij Andreevič
_3RU\NLR\AUTH\770278537
_92650504
801 1 _aRU
_bNLR
_c20101116
801 0 _aRU
_bNLR
_gPSBO
852 _aNLR
_jЛ31 Д-1/86
942 _cBOOK
980 _aNB